000 00410 a2200157 4500
005 20250626122130.0
020 _a0072423390
082 _a657 LAR
100 _aLarson, J.
245 _a Fundamental Accounting Principles
250 _a16th Ed.
260 _aBoston
_b
_c2001
300 _axxxii,1099p.
_bIndex
_c27cm.
700 _aWILD, J.J. & CHIAPPETTA, B.
942 _2ddc
_cBKS
999 _c5311
_d5311